| 000 | 01021 a2200217 4500 | ||
|---|---|---|---|
| 003 | Nust | ||
| 005 | 20230515085857.0 | ||
| 010 | _a 83062900 | ||
| 020 | _a0675201063 (pbk.) | ||
| 040 | _cNust | ||
| 082 | 0 | 0 | _a001.6424,MOR |
| 100 | 1 |
_aMoriber, Harry A. _9112270 |
|
| 245 | 1 | 0 |
_aStructured BASIC programming / _cHarry A. Moriber. |
| 260 |
_aColumbus : _bC.E. Merrill Pub. Co., _cc1984. |
||
| 300 |
_a552 p. : _bill. ; _c28 cm. |
||
| 440 | 0 |
_aCharles E. Merrill information processing series _9112271 |
|
| 505 | _aIntroduction to Computer Programming (Page-1), Structured Design Problem Solving (Page-29), Simple Input/ Output Operations in Basic (Page-59), Simple Calculations (Page-105), Looping (Page-158), Calculations with Logical Decisions (Page-223), Introduction to Tables and Arrays (Page-301), Advanced Table Processing (Page-367), Programming with Files (Page-431), Plotting (Page-527). | ||
| 650 | 0 |
_aBASIC (Computer program language) _9783 |
|
| 650 | 0 |
_aStructured programming. _93675 |
|
| 942 |
_2ddc _cBK |
||
| 999 |
_c176542 _d176542 |
||